000 00863nam a2200253 i 4500
001 C2-0324081
003 PPAK
005 20180728122514.0
008 131124s2007 my a|||| ||||| | eng d
022 _a0128-7524
040 _aPPAK
_beng
_cPPAK
_erda
082 0 4 _a382.09595
_223
090 0 0 _a382.09595
_bMAL
_dR
110 2 _aMinistry of International Trade and Industry Malaysia
245 0 0 _aMalaysia International Trade and Industry report 2006
264 1 _aKuala Lumpur :
_bMinistry of International Trade and Industry Malaysia ,
_c2007
300 _axiii, 293 pages :
_bcolour illustrations ;
_c30 cm
336 _2rdacontent
_atext
337 _2rdamedia
_aunmediated
338 _2rdacarrier
_avolume
650 1 0 _aMalaysia - Commerce - Report
710 2 _aMinistry of International Trade and Industry Malaysia
_eorganizer
942 _ddc
_cB
999 _c124066
_d124066